[Event "Copenhagen Unibank"]
[Site "Copenhagen"]
[Date "1991.08.02"]
[Round "7"]
[White "Kubien, Jerzy"]
[Black "Jakobsen, Ole"]
[Result "0-1"]
[WhiteElo "2260"]
[BlackElo "2365"]
[PlyCount "78"]
[EventDate "1991.07.??"]
[EventType "swiss"]
[EventRounds "9"]
[EventCountry "DEN"]

1. e4 c5 2. Nf3 Nc6 3. Bb5 d6 4. O-O Bd7 5. Re1 Nf6 6. c3 a6 7. Bf1 Bg4 8. d3 g6 9. Nbd2 Bh6 10. h3 Bxf3 11. Nxf3 Bxc1 12. Rxc1 e5 13. d4 O-O 14. Bc4 Qe7 15. Bd5 Rac8 16. Qd2 Kg7 17. Rcd1 h6 18. b4 cxd4 19. cxd4 Rfe8 20. Bb3 Qc7 21. d5 Nb8 22. Re3 Nbd7 23. Nh4 Qd8 24. Rde1 Qe7 25. g3 Rc7 26. Qe2 Rec8 27. Ng2 Nb6 28. Rd3 Rc1 29. Kh2 Qc7 30. f4 Nbd7 31. Rf3 Qb6 32. Ref1 Rxf1 33. Qxf1 Nxe4 34. Qe1 Qd4 35. fxe5 Nxe5 36. Rf4 f5 37. Rf1 Nd2 38. Rf4 Qxf4 39. gxf4 Nef3+ 0-1

[Event "Copenhagen Unibank"]
[Site "Copenhagen"]
[Date "1991.08.01"]
[Round "6"]
[White "Luther, Thomas"]
[Black "Vyzmanavin, Alexey"]
[Result "1/2-1/2"]
[WhiteElo "2495"]
[BlackElo "2590"]
[PlyCount "68"]
[EventDate "1991.07.??"]
[EventType "swiss"]
[EventRounds "9"]
[EventCountry "DEN"]

1. e4 c5 2. Nf3 e6 3. d4 cxd4 4. Nxd4 a6 5. Bd3 Nf6 6. O-O Qc7 7. Qe2 d6 8. c4 g6 9. Nc3 Bg7 10. Nf3 O-O 11. Rd1 Nfd7 12. Bf4 Ne5 13. Rac1 Nbc6 14. b3 Bd7 15. Bb1 Rac8 16. Ne1 f5 17. exf5 gxf5 18. Qd2 Nf7 19. c5 Qa5 20. cxd6 Nd4 21. Be3 e5 22. Kh1 Nxd6 23. f4 N6b5 24. b4 Qxb4 25. Nd3 Qa5 26. Nxb5 Qxd2 27. Bxd2 Nxb5 28. Nxe5 Be6 29. a4 Nd4 30. Bb4 Rfe8 31. Bd3 Bh6 32. g3 Bg7 33. Kg2 Bxe5 34. fxe5 Nc6 1/2-1/2

[Event "Copenhagen Unibank"]
[Site "Copenhagen"]
[Date "1991.07.29"]
[Round "3"]
[White "Luther, Thomas"]
[Black "Bronstein, David"]
[Result "1-0"]
[WhiteElo "2495"]
[BlackElo "2460"]
[PlyCount "99"]
[EventDate "1991.07.??"]
[EventType "swiss"]
[EventRounds "9"]
[EventCountry "DEN"]

1. e4 c5 2. Nf3 Nc6 3. d4 cxd4 4. Nxd4 Qb6 5. Nb3 Nf6 6. Nc3 e6 7. Bd3 Be7 8. O-O a6 9. Be3 Qc7 10. f4 d6 11. Kh1 b5 12. Nd4 Bb7 13. a3 Na5 14. Qe1 Nc4 15. Bc1 Rc8 16. b3 Nb6 17. Bb2 Nbd7 18. Qg3 Qc5 19. Nde2 g6 20. b4 Qc7 21. Rae1 O-O 22. f5 Nh5 23. Qh3 exf5 24. exf5 Bf6 25. fxg6 hxg6 26. Bf5 Ne5 27. Bxc8 Rxc8 28. Ng3 Nxg3+ 29. Qxg3 Bg7 30. Ne4 Bxe4 31. Rxe4 Qxc2 32. Rc1 Qxc1+ 33. Bxc1 Rxc1+ 34. Re1 Rc4 35. h3 Bf8 36. Qe3 Rc6 37. Qa7 Bh6 38. Rd1 Bf4 39. Qf2 Bg5 40. Qd4 Be7 41. Qe3 Bf6 42. Rc1 Rc4 43. Rxc4 bxc4 44. a4 d5 45. b5 axb5 46. axb5 Kg7 47. Qd4 Nf3 48. Qxd5 c3 49. gxf3 c2 50. Qc4 1-0

[Event "Copenhagen Unibank"]
[Site "Copenhagen"]
[Date "1991.07.28"]
[Round "2"]
[White "Luther, Thomas"]
[Black "Brinck Claussen, Bjorn"]
[Result "1-0"]
[WhiteElo "2495"]
[BlackElo "2390"]
[PlyCount "65"]
[EventDate "1991.07.??"]
[EventType "swiss"]
[EventRounds "9"]
[EventCountry "DEN"]

1. e4 e5 2. Nf3 Nc6 3. Bb5 a6 4. Ba4 Nf6 5. O-O Be7 6. Re1 b5 7. Bb3 O-O 8. c3 d5 9. exd5 Nxd5 10. Nxe5 Nxe5 11. Rxe5 c6 12. d4 Bd6 13. Re1 Qh4 14. g3 Qh3 15. Be3 Bg4 16. Qd3 Rae8 17. Nd2 Re6 18. a4 f5 19. Qf1 Qh5 20. f4 bxa4 21. Rxa4 Rfe8 22. Qf2 g5 23. fxg5 f4 24. gxf4 Kh8 25. Bxd5 cxd5 26. Nf1 Bh3 27. Rxa6 Bxf1 28. Rxf1 Rf8 29. Qf3 Qe8 30. Bd2 Qb5 31. Ra7 Bb8 32. Rxh7+ Kxh7 33. Qh3+ 1-0

[Event "Copenhagen Unibank"]
[Site "Copenhagen"]
[Date "1991.08.04"]
[Round "9"]
[White "Malaniuk, Vladimir P"]
[Black "Suba, Mihai"]
[Result "1/2-1/2"]
[WhiteElo "2510"]
[BlackElo "2520"]
[PlyCount "56"]
[EventDate "1991.07.??"]
[EventType "swiss"]
[EventRounds "9"]
[EventCountry "DEN"]

1. d4 Nf6 2. Nf3 e6 3. Bg5 Be7 4. c3 b6 5. Nbd2 Bb7 6. e3 h6 7. Bh4 c5 8. Bd3 cxd4 9. cxd4 Nc6 10. O-O O-O 11. a3 Nd5 12. Bxe7 Qxe7 13. Qa4 Rfc8 14. Rfc1 Rc7 15. Rc2 Rac8 16. Rac1 a6 17. Bf1 b5 18. Qb3 d6 19. Qd3 Nb6 20. Nb3 Nd8 21. Nfd2 Na4 22. Rxc7 Rxc7 23. Rc2 e5 24. Na5 exd4 25. Rxc7 Qxc7 26. Nxb7 dxe3 27. Nxd8 exd2 28. Nxf7 Qc1 1/2-1/2

[Event "Copenhagen Unibank"]
[Site "Copenhagen"]
[Date "1991.07.31"]
[Round "5"]
[White "Malaniuk, Vladimir P"]
[Black "Schandorff, Lars"]
[Result "1/2-1/2"]
[WhiteElo "2510"]
[BlackElo "2425"]
[PlyCount "53"]
[EventDate "1991.07.??"]
[EventType "swiss"]
[EventRounds "9"]
[EventCountry "DEN"]

1. d4 Nf6 2. Nf3 g6 3. c4 Bg7 4. g3 O-O 5. Bg2 d6 6. O-O Nbd7 7. Nc3 e5 8. b3 c6 9. e3 Re8 10. Bb2 e4 11. Nd2 d5 12. f3 exf3 13. Qxf3 dxc4 14. bxc4 Nc5 15. Nd5 Nxd5 16. Qxf7+ Kh8 17. cxd5 cxd5 18. Qxd5 Qxd5 19. Bxd5 Na4 20. Ba3 Rxe3 21. Rae1 Rxe1 22. Rxe1 Bxd4+ 23. Kg2 Bd7 24. Bxb7 Re8 25. Rxe8+ Bxe8 26. Bd5 Kg7 27. Nf3 1/2-1/2

[Event "Copenhagen Unibank"]
[Site "Copenhagen"]
[Date "1991.07.29"]
[Round "3"]
[White "Malaniuk, Vladimir P"]
[Black "Jasnikowski, Zbigniew"]
[Result "1/2-1/2"]
[WhiteElo "2510"]
[BlackElo "2460"]
[PlyCount "117"]
[EventDate "1991.07.??"]
[EventType "swiss"]
[EventRounds "9"]
[EventCountry "DEN"]

1. d4 Nf6 2. Nf3 g6 3. Bf4 Bg7 4. e3 O-O 5. Be2 c5 6. c3 Qb6 7. Qb3 d6 8. Nbd2 Be6 9. dxc5 dxc5 10. Qc2 Nh5 11. Bg5 Qc7 12. h3 Nc6 13. g4 Nf6 14. Bf4 Qc8 15. e4 Ne8 16. Be3 b6 17. Ng5 Bd7 18. f4 Bh6 19. Ngf3 e5 20. g5 Bg7 21. O-O-O exf4 22. Bxf4 Qb7 23. Kb1 Na5 24. Ne5 Be6 25. Ndc4 Nxc4 26. Nxc4 b5 27. Ne3 b4 28. c4 a5 29. Nd5 a4 30. Qd2 Bd4 31. Be3 Bxd5 32. exd5 Bxe3 33. Qxe3 Nd6 34. Bd3 a3 35. b3 Rac8 36. Rde1 Rfe8 37. Qf2 Qd7 38. Rxe8+ Qxe8 39. Re1 Qf8 40. Qf6 Re8 41. Rf1 Re3 42. Kc2 Ne8 43. Qf4 Re7 44. Qb8 Nd6 45. Qxf8+ Kxf8 46. Rf6 Rd7 47. Be2 Ke7 48. Rf4 Rd8 49. Bd3 Re8 50. Kd2 Kd7 51. h4 Re5 52. Rf3 Ke7 53. Re3 Rxe3 54. Kxe3 f6 55. Kf4 fxg5+ 56. hxg5 Nf7 57. Be2 Kd6 58. Bg4 Ne5 59. Be2 1/2-1/2

[Event "Copenhagen Unibank"]
[Site "Copenhagen"]
[Date "1991.07.27"]
[Round "1"]
[White "Malaniuk, Vladimir P"]
[Black "Warwaszynski, Zbigniew"]
[Result "1-0"]
[WhiteElo "2510"]
[BlackElo "2290"]
[PlyCount "69"]
[EventDate "1991.07.??"]
[EventType "swiss"]
[EventRounds "9"]
[EventCountry "DEN"]

1. d4 Nf6 2. Nf3 e6 3. e3 b6 4. Bd3 Bb7 5. O-O c5 6. c4 Be7 7. Nc3 cxd4 8. exd4 O-O 9. d5 Na6 10. a3 Nc7 11. dxe6 Nxe6 12. Nd5 Nxd5 13. cxd5 Nc7 14. d6 Bxd6 15. Bxh7+ Kxh7 16. Ng5+ Kg6 17. Qxd6+ Ne6 18. h4 Qc7 19. Qd3+ f5 20. Rd1 Nxg5 21. Bxg5 Bc6 22. Be7 Rf7 23. Bd6 Qd8 24. Qg3+ Kh7 25. Be5 Qe7 26. Rd6 Re8 27. f4 Rf6 28. Bxf6 gxf6 29. Qd3 Kh6 30. Qd4 Rf8 31. Kf2 Kh7 32. Qd3 Kh8 33. g3 Qg7 34. Qxf5 Qe7 35. Rad1 1-0

[Event "Copenhagen Unibank"]
[Site "Copenhagen"]
[Date "1991.08.02"]
[Round "7"]
[White "Nielsen, Uffe V"]
[Black "Brinck Claussen, Bjorn"]
[Result "0-1"]
[WhiteElo "2300"]
[BlackElo "2390"]
[PlyCount "92"]
[EventDate "1991.07.??"]
[EventType "swiss"]
[EventRounds "9"]
[EventCountry "DEN"]

1. e4 e6 2. d4 d5 3. Nc3 Bb4 4. e5 c5 5. a3 Bxc3+ 6. bxc3 Ne7 7. Qg4 Qc7 8. Bd3 c4 9. Be2 Nf5 10. Nf3 Qa5 11. Bd2 Nc6 12. O-O Bd7 13. Ng5 Ncxd4 14. cxd4 Qxd2 15. Rfd1 Qc3 16. Qh5 g6 17. Qf3 Qxf3 18. Nxf3 Ba4 19. Rdc1 h6 20. Rab1 b5 21. h4 Kd7 22. Rb2 Rhb8 23. c3 Rb6 24. Kf1 Rab8 25. Bd1 Ra6 26. Bxa4 Rxa4 27. Ra1 Ne7 28. Rb4 Nc6 29. Rbb1 a5 30. Ke1 b4 31. Kd1 Rxa3 32. Rxa3 bxa3 33. Kc2 Rxb1 34. Kxb1 Na7 35. Ng1 Nb5 36. Ne2 h5 37. Kc2 Ke7 38. f3 f6 39. f4 Kf7 40. Kb1 g5 41. hxg5 fxg5 42. fxg5 Kg6 43. Kc1 Kxg5 44. Kc2 h4 45. Ng1 a2 46. Kb2 Nxc3 0-1

[Event "Copenhagen Unibank"]
[Site "Copenhagen"]
[Date "1991.07.29"]
[Round "3"]
[White "Nielsen, Uffe V"]
[Black "Peschardt, Soren"]
[Result "1-0"]
[WhiteElo "2300"]
[BlackElo "2235"]
[PlyCount "87"]
[EventDate "1991.07.??"]
[EventType "swiss"]
[EventRounds "9"]
[EventCountry "DEN"]

1. e4 e6 2. d4 d5 3. Nc3 Nf6 4. e5 Nfd7 5. Nce2 c5 6. c3 Nc6 7. Nf3 cxd4 8. cxd4 Bb4+ 9. Bd2 Bxd2+ 10. Qxd2 Nb6 11. Nc3 O-O 12. Bd3 f6 13. O-O fxe5 14. Nxe5 Nxe5 15. dxe5 Bd7 16. Rae1 Rc8 17. Qd1 Qe7 18. Re3 Nc4 19. Rh3 h6 20. Qe2 Rf4 21. b3 Na5 22. Qd2 Qb4 23. Bb1 Nc6 24. Re1 Rcf8 25. a3 Qc5 26. Nd1 Qxa3 27. Qd3 R8f5 28. Ne3 Nb4 29. Qd1 Rxe5 30. Rh5 Rxh5 31. Qxh5 Qb2 32. Ng4 Qd2 33. Rf1 Bb5 34. Qg6 Qe2 35. Rc1 Nc6 36. h3 Ne7 37. Qh7+ Kf8 38. Rc7 Rxg4 39. Qh8+ Ng8 40. Rc8+ Be8 41. Bh7 Ke7 42. Qxg8 Qe1+ 43. Kh2 Qxf2 44. Rxe8+ 1-0

[Event "Copenhagen Unibank"]
[Site "Copenhagen"]
[Date "1991.07.31"]
[Round "5"]
[White "Nielsen, Uffe V"]
[Black "Jorgensen, Brian Jorgen"]
[Result "1/2-1/2"]
[WhiteElo "2300"]
[BlackElo "2270"]
[PlyCount "43"]
[EventDate "1991.07.??"]
[EventType "swiss"]
[EventRounds "9"]
[EventCountry "DEN"]

1. e4 c5 2. Nf3 d6 3. d4 cxd4 4. Nxd4 Nf6 5. Nc3 Nc6 6. Bc4 Qb6 7. Nb3 e6 8. O-O Be7 9. Bg5 O-O 10. Kh1 a6 11. Bxf6 gxf6 12. f4 Kh8 13. Qh5 Nd8 14. Rf3 Rg8 15. Raf1 Rg7 16. f5 Qc7 17. Bd3 Nc6 18. Rh3 Ne5 19. Rf4 Qd8 20. Rfh4 Qg8 21. Ne2 Bd8 22. Nf4 1/2-1/2

[Event "Copenhagen Unibank"]
[Site "Copenhagen"]
[Date "1991.07.27"]
[Round "1"]
[White "Nielsen, Uffe V"]
[Black "Suba, Mihai"]
[Result "1/2-1/2"]
[WhiteElo "2300"]
[BlackElo "2520"]
[PlyCount "109"]
[EventDate "1991.07.??"]
[EventType "swiss"]
[EventRounds "9"]
[EventCountry "DEN"]

1. e4 c5 2. Nc3 a6 3. Nf3 d6 4. d4 cxd4 5. Nxd4 e6 6. Bc4 Be7 7. O-O Nf6 8. Bb3 O-O 9. f4 Nc6 10. Be3 Nxd4 11. Bxd4 b5 12. e5 dxe5 13. fxe5 Nd7 14. Ne4 Bb7 15. Nd6 Bxd6 16. exd6 Qg5 17. Rf2 Rac8 18. Qd2 Qh5 19. Re1 Bd5 20. Re3 Bxb3 21. axb3 Qd5 22. Bc3 Qxd2 23. Rxd2 Rc6 24. Ba5 e5 25. Rc3 Rfc8 26. Bc7 Rxc3 27. bxc3 Kf8 28. c4 bxc4 29. bxc4 a5 30. Rd5 Ra8 31. Bxa5 f6 32. Rb5 Kf7 33. c3 Ke6 34. Bb4 Ra7 35. Kf2 f5 36. Rd5 Ra2+ 37. Kf1 f4 38. Rd1 g5 39. c5 Ra6 40. Ke2 e4 41. c4 Ra4 42. c6 Rxb4 43. cxd7 Kxd7 44. c5 Rc4 45. Rd5 h6 46. Re5 Kd8 47. Rf5 e3 48. h3 Rc2+ 49. Kf1 Rd2 50. h4 Kd7 51. hxg5 hxg5 52. Rxg5 Kc6 53. Rf5 Rd1+ 54. Ke2 Rd2+ 55. Kf1 1/2-1/2

[Event "Copenhagen Unibank"]
[Site "Copenhagen"]
[Date "1991.07.29"]
[Round "3"]
[White "Olesen, Martin"]
[Black "Vogt, Lothar"]
[Result "1/2-1/2"]
[WhiteElo "2325"]
[BlackElo "2510"]
[PlyCount "34"]
[EventDate "1991.07.??"]
[EventType "swiss"]
[EventRounds "9"]
[EventCountry "DEN"]

1. d4 Nf6 2. Nf3 g6 3. c4 Bg7 4. Nc3 O-O 5. e4 d6 6. Be2 e5 7. O-O Nbd7 8. Re1 c6 9. Bf1 a5 10. dxe5 dxe5 11. Na4 Re8 12. c5 Qe7 13. Qc2 Bf8 14. Be3 Ng4 15. Bg5 f6 16. Bd2 Nxc5 17. Nb6 Rb8 1/2-1/2

[Event "Copenhagen Unibank"]
[Site "Copenhagen"]
[Date "1991.07.27"]
[Round "1"]
[White "Olesen, Martin"]
[Black "Kishnev, Sergey"]
[Result "1/2-1/2"]
[WhiteElo "2325"]
[BlackElo "2540"]
[PlyCount "37"]
[EventDate "1991.07.??"]
[EventType "swiss"]
[EventRounds "9"]
[EventCountry "DEN"]

1. d4 Nf6 2. Nf3 d5 3. c4 e6 4. Nc3 dxc4 5. e3 c5 6. Bxc4 a6 7. O-O b5 8. Bb3 Bb7 9. Qe2 Nbd7 10. Rd1 Qc7 11. e4 cxd4 12. Nxd4 Bc5 13. Be3 Qe5 14. Nf3 Qh5 15. Bxc5 Nxc5 16. Nxb5 O-O 17. Nd6 Bxe4 18. Nxe4 Ncxe4 19. Qe3 1/2-1/2

[Event "Copenhagen Unibank"]
[Site "Copenhagen"]
[Date "1991.08.01"]
[Round "6"]
[White "Olesen, Martin"]
[Black "Danielsen, Henrik"]
[Result "1/2-1/2"]
[WhiteElo "2325"]
[BlackElo "2405"]
[PlyCount "125"]
[EventDate "1991.07.??"]
[EventType "swiss"]
[EventRounds "9"]
[EventCountry "DEN"]

1. d4 Nf6 2. Nf3 e6 3. e3 c5 4. Bd3 d5 5. b3 Nc6 6. O-O Bd6 7. Bb2 O-O 8. Nbd2 Qe7 9. Ne5 cxd4 10. exd4 Ba3 11. Qc1 Bxb2 12. Qxb2 Bd7 13. Rfe1 Rac8 14. c3 Rfd8 15. Ndf3 Be8 16. Re3 Qc7 17. Rae1 Ne7 18. Nd2 Nf5 19. Bxf5 exf5 20. Nb1 Bb5 21. a4 Ba6 22. b4 b6 23. b5 Bb7 24. Qe2 Ne4 25. Qf3 g6 26. h4 a6 27. h5 axb5 28. hxg6 hxg6 29. axb5 Kg7 30. Qf4 Rh8 31. f3 Nf6 32. Nd2 Rh6 33. Nf1 Nh5 34. Qh4 f4 35. Nxf7 fxe3 36. Nxh6 Kxh6 37. Nxe3 Kg7 38. Nxd5 Qf7 39. Re7 Bxd5 40. Rxf7+ Kxf7 41. Qe1 Nf6 42. Qa1 Ra8 43. Qc1 Rc8 44. Qa1 g5 45. Qc1 g4 46. fxg4 Nxg4 47. Qf4+ Nf6 48. g4 Rxc3 49. g5 Rf3 50. Qc7+ Kg6 51. gxf6 Rxf6 52. Qd8 Bc4 53. d5 Bxb5 54. d6 Rf7 55. Qxb6 Bd7 56. Qd4 Kf5 57. Qd5+ Kf6 58. Kf2 Rf8 59. Kg3 Kg6 60. Qe5 Rf7 61. Qe4+ Kg5 62. Qd5+ Kg6 63. Qe5 1/2-1/2

[Event "Copenhagen Unibank"]
[Site "Copenhagen"]
[Date "1991.08.03"]
[Round "8"]
[White "Peschardt, Soren"]
[Black "Bogo, Soren"]
[Result "0-1"]
[WhiteElo "2235"]
[BlackElo "2255"]
[PlyCount "94"]
[EventDate "1991.07.??"]
[EventType "swiss"]
[EventRounds "9"]
[EventCountry "DEN"]

1. e4 c6 2. d4 d5 3. e5 Bf5 4. Bd3 Bxd3 5. Qxd3 e6 6. Ne2 Qa5+ 7. Bd2 Qa6 8. Qb3 c5 9. Nbc3 Nc6 10. O-O Rc8 11. Qb5 Qxb5 12. Nxb5 a6 13. Na3 cxd4 14. Bf4 Bc5 15. Rad1 Nge7 16. Rfe1 h5 17. h3 Nf5 18. Nc1 h4 19. Nd3 Bxa3 20. bxa3 Na5 21. Re2 Nc4 22. Rb1 Rc7 23. a4 Kd7 24. Bd2 Nxd2 25. Rxd2 Rhc8 26. Ne1 Rc4 27. Rxb7+ R8c7 28. Rb3 Rxa4 29. a3 Kc8 30. Rdd3 Rac4 31. Nf3 Rb7 32. g4 hxg3 33. fxg3 Rxb3 34. Rxb3 Kc7 35. g4 Ne3 36. Nxd4 Nxc2 37. Nxc2 Rxc2 38. Rf3 d4 39. Rd3 Rc4 40. Kf2 Kc6 41. Rf3 Kd5 42. Rxf7 Rc2+ 43. Ke1 Ke4 44. Rxg7 Ke3 45. Kd1 Rh2 46. Rf7 Rh1+ 47. Kc2 d3+ 0-1

[Event "Copenhagen Unibank"]
[Site "Copenhagen"]
[Date "1991.07.28"]
[Round "2"]
[White "Peschardt, Soren"]
[Black "Barbero, Gerardo F"]
[Result "0-1"]
[WhiteElo "2235"]
[BlackElo "2485"]
[PlyCount "78"]
[EventDate "1991.07.??"]
[EventType "swiss"]
[EventRounds "9"]
[EventCountry "DEN"]

1. e4 c5 2. Nc3 Nc6 3. g3 g6 4. Bg2 Bg7 5. d3 d6 6. f4 e6 7. Nf3 Nge7 8. O-O O-O 9. Be3 Rb8 10. Qd2 Nd4 11. Nd1 b6 12. c3 Nxf3+ 13. Bxf3 d5 14. e5 d4 15. cxd4 cxd4 16. Bf2 Bb7 17. Bxb7 Rxb7 18. Rc1 Rd7 19. Re1 g5 20. Rc4 gxf4 21. Qxf4 Ng6 22. Qg4 Rd5 23. Rxd4 h5 24. Rxd5 Qxd5 25. Qxh5 Nxe5 26. Re3 f5 27. Nc3 Qd7 28. Qe2 Ng4 29. Rxe6 Kf7 30. Re3 Nxe3 31. Qxe3 Rd8 32. Qf4 Qxd3 33. Kg2 Bf6 34. a4 Rd7 35. h4 Re7 36. h5 Bxc3 37. bxc3 Qe4+ 38. Qxe4 Rxe4 39. Bd4 Kg8 0-1

[Event "Copenhagen Unibank"]
[Site "Copenhagen"]
[Date "1991.07.30"]
[Round "4"]
[White "Peschardt, Soren"]
[Black "Hoiberg, Nina"]
[Result "0-1"]
[WhiteElo "2235"]
[BlackElo "2275"]
[PlyCount "86"]
[EventDate "1991.07.??"]
[EventType "swiss"]
[EventRounds "9"]
[EventCountry "DEN"]

1. e4 e5 2. Nf3 Nc6 3. Bb5 Nd4 4. Nxd4 exd4 5. Bc4 Nf6 6. O-O c6 7. e5 d5 8. exd6 Bxd6 9. d3 Qc7 10. Re1+ Kf8 11. h3 h6 12. Nd2 Kg8 13. Qf3 c5 14. Ne4 Nxe4 15. Rxe4 Kh7 16. Qxf7 Qxf7 17. Bxf7 Bf5 18. Re1 b5 19. Bd2 Rhf8 20. Bd5 Rad8 21. Be4 c4 22. Ba5 Rc8 23. dxc4 Rxc4 24. Bxf5+ Rxf5 25. c3 b4 26. Bxb4 Bxb4 27. cxb4 Rc2 28. f3 d3 29. Rab1 Rf4 30. a3 d2 31. Red1 Rfc4 32. b3 R4c3 33. Kf2 Rc1 34. Ke2 Rxb1 35. Rxb1 Rc1 36. Kxd2 Rxb1 37. Kc2 Rg1 38. b5 Rxg2+ 39. Kc3 Rg3 40. a4 Rxh3 41. a5 Rxf3+ 42. Kc4 Rf6 43. Kc5 h5 0-1

[Event "Copenhagen Unibank"]
[Site "Copenhagen"]
[Date "1991.07.28"]
[Round "2"]
[White "Schandorff, Lars"]
[Black "Yurtaev, Leonid"]
[Result "1/2-1/2"]
[WhiteElo "2425"]
[BlackElo "2525"]
[PlyCount "49"]
[EventDate "1991.07.??"]
[EventType "swiss"]
[EventRounds "9"]
[EventCountry "DEN"]

1. d4 Nf6 2. c4 g6 3. Nc3 Bg7 4. e4 d6 5. Be2 O-O 6. Bg5 h6 7. Be3 c5 8. dxc5 Qa5 9. Bd2 dxc5 10. e5 Nh7 11. f4 Nc6 12. Nf3 Bf5 13. O-O Rad8 14. Nd5 Qa6 15. Qe1 e6 16. Bc3 exd5 17. cxd5 b5 18. dxc6 Qxc6 19. Rc1 Rfe8 20. Qf2 Bd3 21. Bxd3 Rxd3 22. Bd4 Qe4 23. Bxc5 Qxf4 24. Bxa7 Ng5 25. Nxg5 1/2-1/2

[Event "Copenhagen Unibank"]
[Site "Copenhagen"]
[Date "1991.08.02"]
[Round "7"]
[White "Schandorff, Lars"]
[Black "Jasnikowski, Zbigniew"]
[Result "1/2-1/2"]
[WhiteElo "2425"]
[BlackElo "2460"]
[PlyCount "61"]
[EventDate "1991.07.??"]
[EventType "swiss"]
[EventRounds "9"]
[EventCountry "DEN"]

1. d4 Nf6 2. Nf3 g6 3. Bg5 Bg7 4. Nbd2 d5 5. e3 O-O 6. c3 Nbd7 7. Bd3 Re8 8. Bf4 Nh5 9. Be5 f6 10. Bg3 e5 11. Qb3 c6 12. O-O-O Qb6 13. Bc2 e4 14. Bd6 f5 15. Ng1 Qxb3 16. Bxb3 b5 17. Re1 Bf8 18. Bxf8 Rxf8 19. Bd1 Ng7 20. g3 a5 21. h4 b4 22. Nh3 c5 23. Nf4 bxc3 24. bxc3 cxd4 25. cxd4 Bb7 26. Bb3 Rfc8+ 27. Kb2 a4 28. Bc2 Nf6 29. Rc1 Ng4 30. Nh3 Ra6 31. Nb1 1/2-1/2

[Event "Copenhagen Unibank"]
[Site "Copenhagen"]
[Date "1991.08.01"]
[Round "6"]
[White "Schandorff, Lars"]
[Black "Stein, Bernd"]
[Result "1-0"]
[WhiteElo "2425"]
[BlackElo "2355"]
[PlyCount "63"]
[EventDate "1991.07.??"]
[EventType "swiss"]
[EventRounds "9"]
[EventCountry "DEN"]

1. d4 Nf6 2. c4 d6 3. Nf3 Nbd7 4. Nc3 c6 5. Qc2 Qc7 6. g3 e5 7. Bg2 Be7 8. O-O O-O 9. Rb1 a5 10. e3 Re8 11. a3 Bf8 12. Nd2 Rb8 13. b4 axb4 14. axb4 b5 15. cxb5 cxb5 16. Qd3 Qb6 17. Ra1 exd4 18. exd4 d5 19. Nxd5 Nxd5 20. Bxd5 Nf6 21. Bg2 Bxb4 22. Rb1 Bf8 23. Nc4 Qd8 24. Ne3 b4 25. Rd1 Bd7 26. Bb2 Bb5 27. Qb3 Qd7 28. Ra1 Ne4 29. Rdc1 Rbc8 30. Rxc8 Qxc8 31. Ra7 Ng5 32. Qd5 1-0

[Event "Copenhagen Unibank"]
[Site "Copenhagen"]
[Date "1991.07.30"]
[Round "4"]
[White "Schandorff, Lars"]
[Black "Brinck Claussen, Bjorn"]
[Result "1-0"]
[WhiteElo "2425"]
[BlackElo "2390"]
[PlyCount "115"]
[EventDate "1991.07.??"]
[EventType "swiss"]
[EventRounds "9"]
[EventCountry "DEN"]

1. d4 Nf6 2. Nf3 e6 3. c4 b6 4. g3 Bb7 5. Bg2 Be7 6. Nc3 Ne4 7. Bd2 Bf6 8. O-O O-O 9. Rc1 d6 10. Qc2 Nxd2 11. Qxd2 c5 12. Rfd1 Qe7 13. e3 Rd8 14. Qc2 Nc6 15. b3 Rac8 16. Qe2 Na5 17. h4 h6 18. Bh3 Rb8 19. h5 a6 20. d5 exd5 21. Nxd5 Bxd5 22. cxd5 b5 23. Bf5 c4 24. b4 Nb7 25. a4 a5 26. axb5 axb4 27. Qxc4 Bc3 28. Nd4 Bxd4 29. Rxd4 Nc5 30. Qxb4 Qg5 31. Bg4 Ra8 32. Bd1 Ra2 33. Qc4 Rda8 34. Rg4 Qf5 35. Rf4 Qd3 36. Bg4 Ra1 37. Kg2 Rxc1 38. Qxc1 Qxb5 39. Qc4 Qb2 40. Qd4 Qa2 41. Bf5 Re8 42. Rf3 Re5 43. e4 Qe2 44. Qe3 Qb5 45. Qa3 Nxe4 46. Rb3 Qe8 47. Bxe4 Rxe4 48. Qxd6 Kh7 49. Rb8 Qe5 50. Qd8 Qxh5 51. Qg8+ Kg6 52. Rb6+ f6 53. Rb7 Kf5 54. Rxg7 Qe2 55. d6 Re6 56. Qh7+ Ke5 57. d7 Qd2 58. Rg4 1-0

[Event "Copenhagen Unibank"]
[Site "Copenhagen"]
[Date "1991.08.01"]
[Round "6"]
[White "Schmidt, Wlodzimierz"]
[Black "Kubien, Jerzy"]
[Result "1-0"]
[WhiteElo "2460"]
[BlackElo "2260"]
[PlyCount "41"]
[EventDate "1991.07.??"]
[EventType "swiss"]
[EventRounds "9"]
[EventCountry "DEN"]

1. Nf3 c5 2. c4 Nf6 3. Nc3 d5 4. cxd5 Nxd5 5. d4 Nxc3 6. bxc3 e6 7. e4 cxd4 8. cxd4 Nc6 9. Bc4 Bb4+ 10. Bd2 Qa5 11. Rb1 Bxd2+ 12. Qxd2 Ke7 13. Bb5 Bd7 14. d5 Qxd2+ 15. Kxd2 Na5 16. Bxd7 Kxd7 17. Ne5+ Ke7 18. d6+ Kf6 19. Rb5 b6 20. f4 Rhd8 21. Ng4+ 1-0

[Event "Copenhagen Unibank"]
[Site "Copenhagen"]
[Date "1991.07.30"]
[Round "4"]
[White "Schmidt, Wlodzimierz"]
[Black "Malaniuk, Vladimir P"]
[Result "1/2-1/2"]
[WhiteElo "2460"]
[BlackElo "2510"]
[PlyCount "99"]
[EventDate "1991.07.??"]
[EventType "swiss"]
[EventRounds "9"]
[EventCountry "DEN"]

1. Nf3 f5 2. d4 Nf6 3. g3 g6 4. b3 Bg7 5. Bb2 O-O 6. Bg2 d6 7. O-O Qe8 8. c4 Na6 9. d5 c5 10. Nc3 h6 11. Rb1 g5 12. e3 Bd7 13. Ne1 Qg6 14. Qe2 Nc7 15. a4 a6 16. a5 Rab8 17. Na4 b5 18. Nb6 Be8 19. Nd3 Na8 20. Nxa8 Rxa8 21. f3 Qh7 22. Nf2 Rb8 23. f4 Bd7 24. Qc2 Qg6 25. Bc3 Nh7 26. Rfe1 Bxc3 27. Qxc3 Nf6 28. Qd2 Qg7 29. Rec1 Rfc8 30. Bf1 Rc7 31. Bd3 Ng4 32. Nxg4 fxg4 33. Rf1 bxc4 34. bxc4 Rcb7 35. Bc2 Rxb1 36. Rxb1 Rxb1+ 37. Bxb1 gxf4 38. exf4 Qf6 39. Qd3 Kf8 40. Bc2 Qa1+ 41. Kg2 Qxa5 42. Qh7 Qc3 43. Bf5 Bxf5 44. Qxf5+ Qf6 45. Qc8+ Kf7 46. Qxa6 Qb2+ 47. Kg1 Qd4+ 48. Kg2 h5 49. Qc8 Qe4+ 50. Kg1 1/2-1/2

[Event "Copenhagen Unibank"]
[Site "Copenhagen"]
[Date "1991.07.28"]
[Round "2"]
[White "Schmidt, Wlodzimierz"]
[Black "Wlodarczyk, Robert"]
[Result "1/2-1/2"]
[WhiteElo "2460"]
[BlackElo "2285"]
[PlyCount "43"]
[EventDate "1991.07.??"]
[EventType "swiss"]
[EventRounds "9"]
[EventCountry "DEN"]

1. Nf3 Nf6 2. c4 e6 3. Nc3 d5 4. d4 Be7 5. Bg5 h6 6. Bh4 O-O 7. e3 b6 8. Bd3 Bb7 9. O-O Nbd7 10. Qe2 dxc4 11. Bxc4 Ne4 12. Nxe4 Bxh4 13. Nc3 c5 14. Rfd1 cxd4 15. exd4 Qe7 16. d5 Bxd5 17. Bxd5 exd5 18. Rxd5 Rfd8 19. Rad1 Nf8 20. Re5 Rxd1+ 21. Qxd1 Ne6 22. Nxh4 1/2-1/2

[Event "Copenhagen Unibank"]
[Site "Copenhagen"]
[Date "1991.08.03"]
[Round "8"]
[White "Schmidt, Wlodzimierz"]
[Black "Vyzmanavin, Alexey"]
[Result "1/2-1/2"]
[WhiteElo "2460"]
[BlackElo "2590"]
[PlyCount "88"]
[EventDate "1991.07.??"]
[EventType "swiss"]
[EventRounds "9"]
[EventCountry "DEN"]

1. Nf3 f5 2. d4 Nf6 3. g3 g6 4. b3 Bg7 5. Bb2 O-O 6. Bg2 d6 7. O-O Qe8 8. c4 Na6 9. d5 Bd7 10. Nc3 c6 11. Rb1 Rc8 12. Nd4 Nc7 13. e3 c5 14. Nc2 b5 15. Qd3 Rb8 16. Ba1 b4 17. Ne2 g5 18. f4 h6 19. Ne1 Qg6 20. Nf3 Ne4 21. Bxg7 Kxg7 22. Nd2 Nxd2 23. Qxd2 Ne8 24. e4 fxe4 25. fxg5 Qxg5 26. Qxg5+ hxg5 27. Rxf8 Kxf8 28. Bxe4 Nf6 29. Rf1 Kg7 30. Bf5 g4 31. Bxd7 Nxd7 32. Nf4 Ne5 33. Kg2 a5 34. Ne6+ Kg6 35. h3 gxh3+ 36. Kxh3 a4 37. g4 axb3 38. axb3 Ra8 39. Kh4 Ra3 40. Nf8+ Kg7 41. Ne6+ Kh7 42. Rf5 Rxb3 43. Rh5+ Kg6 44. Rg5+ Kh6 1/2-1/2